00721nam a2200217 a 4500001001000000003000900010005001700019007000300036008004100039040002500080082001500105100001700120245003800137260006200175300002300237590002700260910001400287942001400301952017100315999001700486000033658DO-SdBNP20220914092858.0ta110905s1942 dr 000 p spa d aDO-SdBNPbspacBNPHU axxxbA729c aArmin95912510aCantos de ayer y de hoy /cArmin. aCiudad Trujillo, República Dominicana :b[s.n.],c1942. a[126 p.] ;c16 cm. aInventariado, 2022/ YL aYLockward 2ddccLBS1 00102ddc51708PD-RVaBNPHUbBNPHUcCTd2011-09-05iLF1oxxx A729cp33658-10r2020-06-25w2020-06-25yLBS1zPerteneció a la biblioteca personal de Martínez Boog c33149d33149